000 00677nam a2200289Ia 4500
005 20260324120603.0
008 008 260324s9999 xx 000 0 eng d
020 _a9780203790595
037 _aEBOOK
040 _aCRL
040 _beng
040 _cCRL
041 _2eng
041 _aeng
084 _qCRL
100 _aDavid O'Connell
_91159167
245 0 _aGod Wills it
245 0 _bPresidents and the Political Use of Religion
260 _bTaylor and Francis
260 _c2015
365 _a
365 _b230
856 _uhttp://www.taylorfrancis.com/books/9780203790595
942 _cEBOOK
999 _c1750782
_d1750782